header

The Westing game (Record no. 263463)

MARC details
000 -LEADER
fixed length control field 00210nam a22000977a 4500
020 ## - INTERNATIONAL STANDARD BOOK NUMBER
ISBN 0439412811
100 ## - MAIN ENTRY--AUTHOR NAME
Personal name Ellen Raskin
245 ## - TITLE STATEMENT
Title The Westing game
260 ## - PUBLICATION, DISTRIBUTION, ETC. (IMPRINT)
Place of publication New York
Name of publisher Scholastic
Year of publication 1978
942 ## - ADDED ENTRY ELEMENTS (KOHA)
Koha item type Long Loan Books
Holdings
Withdrawn status Lost status Collection code Home library Current library Shelving location Date acquired Accession Number Koha item type
    Fiction Rongo University Library Rongo University Library Children's Area 11/04/2024 CL20211357 Long Loan Books

© 2026 Rongo University
Contact us: librarian | system librarian | Rongo university